000 00462nam a2200169Ia 4500
003 GCL
008 140319s9999 xx 000 0 eng d
040 _aGCL /
_cGCL
082 0 4 _a618.190757
_bL M
100 1 _aLE FAVE, LINDA
245 1 0 _aMAMMOGRAPHY: PRETEST, SELF - ASSESSMENT AND REVIEW /
_cLE FAVE, LINDA
260 _a[S.N] :
_bMC GRAW - HILL ،
_c1994
300 _a100 P
650 0 4 _aBREAST, RADIOGRAPHY
650 0 4 _aMAMMOGRAPHY
942 _2ddc
_cBK
999 _c21350
_d21350